01128nam a2200193Ia 4500001001000000003001000010008004100020040002500061041001300086100004400099245002700143250001100170260006700181300001200248500026200260501011400522520026200636650003600898L208-3784IT-CnALBA170116s9999||||xx |||||||||||||| ||und|| aIT-CnALBAcIT-CnALBA aITALIANO aTERESA D'AVILA, DI GESÙ. SANTA, DOTT. 0aLIBRO DELLA MIA VITA.  a3a ed. aCINISELLO BALSAMO (MI)bEDIZIONI PAOLINEc1988 [1° Ed.: n.d.] a500 p.  aAUTOBIOGRAFIA DI S. TERESA D'AVILA. TRADUZIONE DI FALZONE LETIZIA. DONO DI DON CHIAVARINO. INTRODUZIONE E REVISIONE DI GIOVANNA DELLA CROCE. INDICE ANALITICO E ONOMASTICO. FAMIGLIA DI TERESA. DECADENZA RELIGIOSA DEL SUO TEMPO. LA CHIESA. SPIRITUALITÀ DEL  aSocietà San Paolo EM - Piazza San Paolo, 14 - 12051 ALBA (CN) (non commercial uses only) ® Copyright 2017 aAUTOBIOGRAFIA DI S. TERESA D'AVILA. TRADUZIONE DI FALZONE LETIZIA. DONO DI DON CHIAVARINO. INTRODUZIONE E REVISIONE DI GIOVANNA DELLA CROCE. INDICE ANALITICO E ONOMASTICO. FAMIGLIA DI TERESA. DECADENZA RELIGIOSA DEL SUO TEMPO. LA CHIESA. SPIRITUALITÀ DEL  aPADRI E SCRITTORI ECCLESIASTICI